[Event "Voronezh op-B 22nd"]
[Site "Voronezh"]
[Date "2018.06.18"]
[Round "7"]
[White "Agibalov, Roman"]
[Black "Pak, Nikita"]
[Result "0-1"]
[WhiteElo "1655"]
[BlackElo "1870"]
[PlyCount "66"]
[EventDate "2018.06.12"]
[EventType "swiss"]
[EventRounds "9"]
[EventCountry "RUS"]
[SourceTitle "CBM 185 Extra"]
[Source "ChessBase"]
[SourceDate "2018.07.29"]
[SourceVersion "1"]
[SourceVersionDate "2018.07.29"]
[SourceQuality "1"]

1. Nc3 g6 2. d4 Nf6 3. e4 d6 4. Be3 Bg7 5. Qd2 0-0 6. Nf3 c6 7. h3 b5 8. Bd3 Bb7 9. Bh6 Nbd7 10. Bxg7 Kxg7 11. 0-0-0 Nb6 12. Rde1 a5 13. e5 Nfd5 14. Nxd5 Nxd5 15. h4 Nb4 16. a3 Nxd3+ 17. Qxd3 b4 18. a4 c5 19. h5 c4 20. h6+ Kg8 21. Qe3 d5 22. e6 f6 23. g4 b3 24. g5 Qd6 25. Rhg1 Qc6 26. Ne5 Qxa4 27. gxf6 Rxf6 28. Rxg6+ hxg6 29. h7+ Kg7 30. Ng4 Qa1+ 31. Kd2 Qxb2 32. Qh6+ Kh8 33. Rc1 Qxd4+ 0-1

[Event "Voronezh op-B 22nd"]
[Site "Voronezh"]
[Date "2018.06.16"]
[Round "5"]
[White "Agibalov, Roman"]
[Black "Tverdokhleb, Aleksandr"]
[Result "0-1"]
[WhiteElo "1655"]
[BlackElo "1889"]
[PlyCount "50"]
[EventDate "2018.06.12"]
[EventType "swiss"]
[EventRounds "9"]
[EventCountry "RUS"]
[SourceTitle "CBM 185 Extra"]
[Source "ChessBase"]
[SourceDate "2018.07.29"]
[SourceVersion "1"]
[SourceVersionDate "2018.07.29"]
[SourceQuality "1"]

1. d4 d5 2. Bf4 Nf6 3. e3 Bf5 4. Nc3 e6 5. Nb5 Na6 6. a3 Be7 7. Nf3 0-0 8. Bd3 Ne4 9. 0-0 c6 10. Nc3 Nxc3 11. bxc3 Bxd3 12. Qxd3 c5 13. Rfb1 c4 14. Qd2 Qc8 15. Qc1 Nb8 16. Qb2 b6 17. Nd2 Nc6 18. e4 g5 19. Bg3 dxe4 20. Qb5 f5 21. h4 gxh4 22. Bf4 Na5 23. d5 Bf6 24. Rd1 Bxc3 25. Rab1 Qe8 0-1